| 000 | 00664nam a2200205Ii 4500 | ||
|---|---|---|---|
| 003 | JO-AjNU | ||
| 008 | 230605s9999||||xx |||||||||||||| ||und|| | ||
| 040 |
_aJO-AjNU _bara _erda _cJO-AjNU |
||
| 041 | _aara | ||
| 050 | 1 | 4 | _aBF408.H3 1900 |
| 100 | 3 |
_aخميس، حمدي, _eauthor _940271 |
|
| 245 | 0 | 0 | _aالاسلوب الابتكاري: خصائصه واثرها في الحياة الاجتماعية |
| 250 | _aط3 | ||
| 264 | 3 | 1 | _aالقاهرة:دار المعارف بمصر،1900 |
| 300 | _a114ص | ||
| 336 |
_atext _btxt _2rdacontent |
||
| 337 |
_aunmediated _bn _2rdamedia |
||
| 338 |
_avolume _bnc _2rdacarrier |
||
| 650 | 4 |
_aالابداع _940272 |
|
| 999 |
_aA17075 _c20643 _d20643 |
||